Bohaté centrum, ale chudobná pokladňa Vo Vlastivednom múzeu v Humennom si pripomínajú 35. výročie svojho vzniku

Bibliographic Details
Main Author: Hrubovčák, Jozef (Author)
Format: Article
Language:Slovak
Subjects:

MARC

LEADER 00000nab a2200000 a 4500
001 vtls000549585
003 SK-MaSNL
005 20260303221657.0
008 120929c1995 xo 0 slo
015 |a SNBRB19rr/mm-uuuuu 
035 |a CL0549723 
040 |a SNKBUCL  |b slo  |c SNKBUCL  |e AACR2 
041 0 |a slo 
044 |a xo  |c SK 
080 |a 069.6.02(437.6)  |2 1981 
100 1 |a Hrubovčák, Jozef  |4 aut  |9 265648 
245 1 0 |a Bohaté centrum, ale chudobná pokladňa  |b Vo Vlastivednom múzeu v Humennom si pripomínajú 35. výročie svojho vzniku  |c Jozef Hrubovčák 
610 2 7 |a Okresné vlastivedné múzeum (Humenné, Slovensko)  |2 snkbucl  |9 171856 
651 7 |a 5402  |2 snkbucl  |9 366935 
655 7 |a články z novín a časopisov  |2 snkbucl  |9 267496 
773 0 |t Roľnícke noviny  |g Č. 119 (24. 5. 1995), s. 5 
850 |a Slovenská národná knižnica v Martine  |a MTA001 
852 |a SNK  |b KIS3GCP 
958 |a RK 
992 |a RBX 
999 |c 2235421  |d 2237351